00534nam a2200145Ia 450000500170000000800410001702000150005808200130007310000110008624500560009725000090015326000460016230000180020850001620022620240930005057.0240331s9999 xx 000 0 und d a0802078060 bBala808 aBal, M 0aNarratology introduction to the theory of narrative a2nd  aLondonbUniversity of Toronto pressc1997 axv, 254 p ., aThis introduction to narratology aims at presenting a systematic account of a theory of narrative for use in the study of literary and other narrative texts.